000 00433cam a2200181ua 4500
020 _c225.00
041 _aeng
_h
082 _a550.9
_bSAS/HI
100 _aSastri, M N .
245 _aHistory of planet earth /
_cM N Sastri.
_hTextual Documents
250 _a1 /
_b.
260 _aMumbai :
_bHimalaya Publishers ,
_c1993.
300 _a205 ; .
365 _a225.00
504 _a
942 _cBK
999 _c9801
_d9801